Cybershops
Gorde:
| Egile nagusia: | |
|---|---|
| Formatua: | Liburua |
| Hizkuntza: | Undetermined |
| Argitaratua: |
New York
Thames & Hudson
2000
|
| Gaiak: | |
| Etiketak: |
Etiketa erantsi
Etiketarik gabe, Izan zaitez lehena erregistro honi etiketa jartzen!
|
| Thư viện lưu trữ: | Trung tâm Học liệu Trường Đại học Cần Thơ |
|---|
| LEADER | 00568nam a2200205Ia 4500 | ||
|---|---|---|---|
| 001 | CTU_129980 | ||
| 008 | 210402s9999 xx 000 0 und d | ||
| 020 | |c 39.95 | ||
| 082 | |a 658.872 | ||
| 082 | |b G366 | ||
| 100 | |a Gerdes, Claudia. | ||
| 245 | 0 | |a Cybershops | |
| 245 | 0 | |c Claudia Gerdes, Jutta Nachtwey | |
| 260 | |a New York | ||
| 260 | |b Thames & Hudson | ||
| 260 | |c 2000 | ||
| 650 | |a Electronic commerce.,Internet marketing.,Web sites,Teleshopping. | ||
| 650 | |x Design. | ||
| 904 | |i Tuyến | ||
| 980 | |a Trung tâm Học liệu Trường Đại học Cần Thơ | ||